| Tag |
First Indicator |
Second Indicator |
Subfields |
| LEADER |
00000cam a2200000 i 4500 |
| 001 |
in00000015497 |
| 005 |
20151007052530.0 |
| 008 |
800709s1979 enkag b 00110 eng |
| 010 |
|
|
|a 80484822
|
| 015 |
|
|
|a GB***
|
| 020 |
|
|
|a 0859910520
|
| 035 |
|
|
|a (OCoLC)06134679
|
| 035 |
|
|
|9 AAA8165AM
|
| 040 |
|
|
|a DLC
|c DLC
|d m.c.
|d TXA
|d UtOrBLW
|
| 043 |
|
|
|a e------
|
| 049 |
|
|
|a TXAM
|c [A11485375]
|
| 050 |
0 |
0 |
|a ML172
|b .W58
|
| 082 |
0 |
|
|a 780/.902
|2 19
|
| 100 |
1 |
|
|a Wilkins, Nigel E.
|
| 245 |
1 |
0 |
|a Music in the age of Chaucer /
|c Nigel Wilkins.
|
| 264 |
|
1 |
|a Cambridge :
|b D. S. Brewer ;
|a Totowa, N.J. :
|b Rowman & Littlefield,
|c 1979.
|
| 300 |
|
|
|a xiv, 174 pages :
|b illustrations,music ;
|c 29 cm.
|
| 336 |
|
|
|a text
|b txt
|2 rdacontent
|
| 337 |
|
|
|a unmediated
|b n
|2 rdamedia
|
| 338 |
|
|
|a volume
|b nc
|2 rdacarrier
|
| 490 |
1 |
|
|a Chaucer studies ;
|v 1
|
| 504 |
|
|
|a Bibliography: page [159].
|
| 500 |
|
|
|a Includes index.
|
| 650 |
|
0 |
|a Music
|y 500-1400
|x History and criticism.
|
| 600 |
1 |
0 |
|a Chaucer, Geoffrey,
|d -1400.
|
| 650 |
|
0 |
|a Music and literature.
|
| 830 |
|
0 |
|a Chaucer studies ;
|v 1.
|
| 999 |
|
|
|a MARS
|
| 999 |
f |
f |
|s 25af3639-49b4-38de-a4bb-03782c1640b7
|i cb0ed377-a20d-3b60-9e26-68d79047bc58
|t 0
|
| 952 |
f |
f |
|p ric
|a Texas A&M University
|b Rellis Campus
|c Joint Library Facility
|d Remote Storage
|t 0
|e ML172 .W58
|h Library of Congress classification
|i unmediated -- volume
|m A14831645181
|
| 998 |
f |
f |
|a ML172 .W58
|t 0
|l Remote Storage
|